Science Quiz

Random Science or Math Quiz

Think Fast Math Quiz Stats

 Plays Quiz Updated Mar 26, 2017

Challenge
Share
Tweet
Embed
Score 0/12 Timer 01:30
3 Plays Today
Question Answer Wrong Answers
20 and 5 6
84.7%
4
3.2%
15
3.1%
100
2%
8 and 4 28
83.9%
2
4.7%
4
2.8%
12
8.5%
14 and 7 6
82.6%
2
3.2%
21
2.9%
98
3%
18 and 6 4
81.6%
108
5.6%
24
4.2%
12
2.9%
9 and 3 9
80.4%
3
5.3%
6
7.7%
27
5.3%
12 and 12 132
72.9%
1
7.3%
0
9%
144
1.3%
33 and 22 22
71.1%
1.5
6.6%
11
2.1%
726
4.5%
88 and 22 120
68.2%
1936
15.9%
66
6.9%
4
5.4%
-4 and -5 -20
60.4%
-9
3.6%
1
10.1%
20
5.6%
19 and 6 124
60.1%
114
19.7%
25
3.6%
13
4%
16 and -8 2
35.5%
24
11.9%
-2
7%
-128
5.1%
15 and 30 2
30.8%
45
4.7%
-15
18.6%
.5
17.5%

You're not logged in!

Compare scores with friends on all Sporcle quizzes.
Join for Free
OR
Log In

You Might Also Like...

Show Comments

Extras

Top Quizzes Today


Score Distribution

Your Account Isn't Verified!

In order to create a playlist on Sporcle, you need to verify the email address you used during registration. Go to your Sporcle Settings to finish the process.

Report this User

Report this user for behavior that violates our Community Guidelines.

Details: